[Event "DEM U12w 2024"]
[Site "Willingen GER"]
[Date "2024.05.19"]
[Round "2"]
[White "Prasannavenkatesan, Ananya"]
[Black "Ratushna, Olha"]
[Result "0-1"]
[Termination "normal"]
[Board "16"]
[WhiteElo "1585"]
[BlackElo "1602"]
[WhiteClock "00:47:57"]
[BlackClock "00:52:52"]
[PlyCount "93"]
[WhiteFideId "34682724"]
[BlackFideId "34172602"]
[EventCountry "GER"]
[EventRounds "9"]
[EventType "swiss"]
[EventDate "2024.05.18"]

1. d4 {[%clk 01:30:59]} {[%emt 00:00:01]} d5 {[%clk 01:30:52]} {[%emt
00:00:08]} 2. c4 {[%clk 01:31:21]} {[%emt 00:00:07]} dxc4 {[%clk 01:30:59]}
{[%emt 00:00:24]} 3. e3 {[%clk 01:31:42]} {[%emt 00:00:09]} Nf6 {[%clk
01:31:16]} {[%emt 00:00:13]} 4. Bxc4 {[%clk 01:32:00]} {[%emt 00:00:11]} Nc6
{[%clk 01:31:39]} {[%emt 00:00:08]} 5. Nc3 {[%clk 01:32:15]} {[%emt 00:00:15]}
e5 {[%clk 01:31:11]} {[%emt 00:00:58]} 6. d5 {[%clk 01:32:14]} {[%emt
00:00:30]} Ne7 {[%clk 01:29:59]} {[%emt 00:01:42]} 7. Nf3 {[%clk 01:32:16]}
{[%emt 00:00:27]} Ng6 {[%clk 01:27:46]} {[%emt 00:02:44]} 8. e4 {[%clk
01:31:36]} {[%emt 00:01:10]} Bb4 {[%clk 01:27:10]} {[%emt 00:01:05]} 9. Bd2
{[%clk 01:31:45]} {[%emt 00:00:21]} O-O {[%clk 01:26:06]} {[%emt 00:01:35]} 10.
Bg5 {[%clk 01:30:43]} {[%emt 00:01:32]} h6 {[%clk 01:26:08]} {[%emt 00:00:26]}
11. Bxf6 {[%clk 01:31:00]} {[%emt 00:00:15]} Qxf6 {[%clk 01:26:27]} {[%emt
00:00:12]} 12. O-O {[%clk 01:31:15]} {[%emt 00:00:14]} c6 {[%clk 01:23:55]}
{[%emt 00:03:03]} 13. Re1 {[%clk 01:28:17]} {[%emt 00:03:28]} Bg4 {[%clk
01:21:51]} {[%emt 00:02:34]} 14. Re3 {[%clk 01:28:26]} {[%emt 00:00:20]} Nh4
{[%clk 01:21:02]} {[%emt 00:01:17]} 15. Be2 {[%clk 01:28:29]} {[%emt 00:00:28]}
Bxf3 {[%clk 01:16:50]} {[%emt 00:04:44]} 16. Bxf3 {[%clk 01:28:51]} {[%emt
00:00:08]} Bxc3 {[%clk 01:16:13]} {[%emt 00:01:07]} 17. bxc3 {[%clk 01:29:11]}
{[%emt 00:00:10]} cxd5 {[%clk 01:16:10]} {[%emt 00:00:33]} 18. Qxd5 {[%clk
01:29:06]} {[%emt 00:00:34]} b6 {[%clk 01:15:18]} {[%emt 00:01:20]} 19. h3
{[%clk 01:29:17]} {[%emt 00:00:20]} Rfd8 {[%clk 01:11:57]} {[%emt 00:03:48]}
20. Qb3 {[%clk 01:28:50]} {[%emt 00:01:02]} Qd6 {[%clk 01:11:40]} {[%emt
00:00:45]} 21. a4 {[%clk 01:06:49]} {[%emt 00:22:33]} Rac8 {[%clk 01:07:01]}
{[%emt 00:05:07]} 22. Bg4 {[%clk 01:01:22]} {[%emt 00:05:59]} Rc7 {[%clk
01:06:02]} {[%emt 00:01:27]} 23. Rd1 {[%clk 00:57:45]} {[%emt 00:04:08]} Qe7
{[%clk 01:05:52]} {[%emt 00:00:40]} 24. Rxd8+ {[%clk 00:57:46]} {[%emt
00:00:30]} Qxd8 {[%clk 01:06:16]} {[%emt 00:00:05]} 25. Qb5 {[%clk 00:56:29]}
{[%emt 00:01:48]} Rc5 {[%clk 01:05:25]} {[%emt 00:01:19]} 26. Rd3 {[%clk
00:54:50]} {[%emt 00:02:11]} Qe7 {[%clk 01:04:00]} {[%emt 00:01:49]} 27. Qb3
{[%clk 00:53:58]} {[%emt 00:01:26]} Rc7 {[%clk 01:01:17]} {[%emt 00:03:12]} 28.
Qd1 {[%clk 00:51:14]} {[%emt 00:03:16]} Qa3 {[%clk 00:54:27]} {[%emt 00:07:18]}
29. Rd8+ {[%clk 00:51:14]} {[%emt 00:00:32]} Kh7 {[%clk 00:54:50]} {[%emt
00:00:07]} 30. Re8 {[%clk 00:51:11]} {[%emt 00:00:33]} Qxc3 {[%clk 00:54:53]}
{[%emt 00:00:27]} 31. Qd8 {[%clk 00:50:39]} {[%emt 00:01:03]} Qc1+ {[%clk
00:54:56]} {[%emt 00:00:25]} 32. Kh2 {[%clk 00:50:56]} {[%emt 00:00:14]} Qf4+
{[%clk 00:55:16]} {[%emt 00:00:08]} 33. Kg1 {[%clk 00:50:32]} {[%emt 00:00:56]}
Rc1+ {[%clk 00:55:37]} {[%emt 00:00:09]} 34. Bd1 {[%clk 00:50:53]} {[%emt
00:00:09]} Qg5 {[%clk 00:52:42]} {[%emt 00:03:24]} 35. Qxg5 {[%clk 00:51:14]}
{[%emt 00:00:10]} hxg5 {[%clk 00:53:04]} {[%emt 00:00:08]} 36. Rd8 {[%clk
00:51:32]} {[%emt 00:00:12]} Ng6 {[%clk 00:51:06]} {[%emt 00:02:29]} 37. g3
{[%clk 00:51:44]} {[%emt 00:00:17]} Ne7 {[%clk 00:50:51]} {[%emt 00:00:40]} 38.
Kg2 {[%clk 00:52:00]} {[%emt 00:00:19]} Nc6 {[%emt 00:01:22]} 39. Bb3 {[%clk
00:51:23]} {[%emt 00:00:06]} Nxd8 {[%clk 00:51:26]} {[%emt 00:00:05]} 40. Bd5
{[%clk 00:48:43]} {[%emt 00:03:09]} Rc5 {[%clk 00:51:15]} {[%emt 00:00:39]} 41.
Kf3 {[%clk 00:46:42]} {[%emt 00:02:34]} b5 {[%clk 00:51:28]} {[%emt 00:00:16]}
42. axb5 {[%clk 00:47:05]} {[%emt 00:00:08]} Rxb5 {[%clk 00:51:54]} {[%emt
00:00:04]} 43. Kg4 {[%clk 00:47:06]} {[%emt 00:00:28]} a5 {[%clk 00:52:03]}
{[%emt 00:00:21]} 44. Kxg5 {[%clk 00:47:26]} {[%emt 00:00:11]} a4 {[%clk
00:52:27]} {[%emt 00:00:06]} 45. Kf5 {[%clk 00:47:37]} {[%emt 00:00:18]} a3
{[%clk 00:52:51]} {[%emt 00:00:07]} 46. Kxe5 {[%clk 00:48:03]} {[%emt
00:00:03]} a2 {[%clk 00:52:52]} {[%emt 00:00:29]} 47. Kf4 {[%clk 00:47:57]}
{[%emt 00:00:36]} 0-1

[Event "DEM U12w 2024"]
[Site "Willingen GER"]
[Date "2024.05.19"]
[Round "2"]
[White "Bharathula, Akhila"]
[Black "Alnajjar, Sara"]
[Result "1-0"]
[Termination "normal"]
[Board "18"]
[WhiteElo "1420"]
[BlackElo "1194"]
[WhiteClock "01:11:09"]
[BlackClock "01:03:29"]
[PlyCount "133"]
[WhiteFideId "34641777"]
[BlackFideId "34668659"]
[EventCountry "GER"]
[EventRounds "9"]
[EventType "swiss"]
[EventDate "2024.05.18"]

1. d4 {[%clk 01:30:58]} {[%emt 00:00:01]} d5 {[%clk 01:30:58]} {[%emt
00:00:02]} 2. c4 {[%clk 01:31:19]} {[%emt 00:00:10]} c5 {[%clk 01:31:14]}
{[%emt 00:00:15]} 3. Nf3 {[%clk 01:30:42]} {[%emt 00:01:06]} cxd4 {[%clk
01:31:22]} {[%emt 00:00:21]} 4. Nxd4 {[%clk 01:30:26]} {[%emt 00:00:46]} e5
{[%clk 01:31:30]} {[%emt 00:00:23]} 5. Nf3 {[%clk 01:30:39]} {[%emt 00:00:16]}
e4 {[%clk 01:31:46]} {[%emt 00:00:14]} 6. Nd4 {[%clk 01:30:38]} {[%emt
00:00:31]} dxc4 {[%clk 01:32:05]} {[%emt 00:00:12]} 7. Nc3 {[%clk 01:30:40]}
{[%emt 00:00:28]} Nf6 {[%clk 01:31:46]} {[%emt 00:00:50]} 8. Bg5 {[%clk
01:30:40]} {[%emt 00:00:28]} Bb4 {[%clk 01:31:22]} {[%emt 00:00:54]} 9. Qa4+
{[%clk 01:30:13]} {[%emt 00:00:58]} Nc6 {[%clk 01:31:36]} {[%emt 00:00:15]} 10.
Nxc6 {[%clk 01:28:15]} {[%emt 00:02:29]} Bxc3+ {[%clk 01:31:53]} {[%emt
00:00:13]} 11. bxc3 {[%clk 01:28:25]} {[%emt 00:00:20]} Qd7 {[%clk 01:31:40]}
{[%emt 00:00:41]} 12. Qxc4 {[%clk 01:27:10]} {[%emt 00:01:46]} Qxc6 {[%clk
01:31:28]} {[%emt 00:00:43]} 13. Qxc6+ {[%clk 01:27:05]} {[%emt 00:00:34]} bxc6
{[%clk 01:31:37]} {[%emt 00:00:21]} 14. Rb1 {[%clk 01:26:38]} {[%emt 00:00:58]}
Nd5 {[%clk 01:31:23]} {[%emt 00:00:44]} 15. Rb3 {[%clk 01:25:33]} {[%emt
00:01:35]} f6 {[%clk 01:31:01]} {[%emt 00:00:52]} 16. Bd2 {[%clk 01:25:08]}
{[%emt 00:00:54]} O-O {[%clk 01:31:02]} {[%emt 00:00:30]} 17. e3 {[%clk
01:25:20]} {[%emt 00:00:17]} f5 {[%clk 01:28:08]} {[%emt 00:03:24]} 18. Bc4
{[%clk 01:24:49]} {[%emt 00:01:01]} Be6 {[%clk 01:27:57]} {[%emt 00:00:41]} 19.
O-O {[%clk 01:24:49]} {[%emt 00:00:31]} Nc7 {[%clk 01:26:58]} {[%emt 00:01:23]}
20. Bxe6+ {[%clk 01:23:59]} {[%emt 00:01:25]} Nxe6 {[%clk 01:27:03]} {[%emt
00:00:24]} 21. Rfb1 {[%clk 01:23:23]} {[%emt 00:01:07]} Nc5 {[%clk 01:26:15]}
{[%emt 00:01:18]} 22. Rb4 {[%clk 01:20:55]} {[%emt 00:02:59]} Rfc8 {[%clk
01:24:48]} {[%emt 00:01:56]} 23. h3 {[%clk 01:18:17]} {[%emt 00:03:09]} Kf7
{[%clk 01:23:10]} {[%emt 00:02:07]} 24. Rc4 {[%clk 01:16:49]} {[%emt 00:01:59]}
Nd3 {[%clk 01:22:34]} {[%emt 00:01:05]} 25. Rb7+ {[%clk 01:15:42]} {[%emt
00:01:37]} Kg8 {[%clk 01:18:11]} {[%emt 00:04:52]} 26. Rd4 {[%clk 01:13:11]}
{[%emt 00:03:02]} Nc5 {[%clk 01:15:51]} {[%emt 00:02:49]} 27. Re7 {[%clk
01:12:34]} {[%emt 00:01:08]} Kf8 {[%clk 01:14:28]} {[%emt 00:01:53]} 28. Re5
{[%clk 01:12:19]} {[%emt 00:00:45]} Nd3 {[%clk 01:09:25]} {[%emt 00:05:34]} 29.
Rxf5+ {[%clk 01:12:24]} {[%emt 00:00:24]} Kg8 {[%clk 01:09:44]} {[%emt
00:00:11]} 30. Rxe4 {[%clk 01:12:23]} {[%emt 00:00:30]} Rab8 {[%clk 01:09:00]}
{[%emt 00:01:15]} 31. Rd4 {[%clk 01:11:14]} {[%emt 00:01:39]} Rd8 {[%clk
01:08:04]} {[%emt 00:01:27]} 32. Rxd8+ {[%clk 01:07:56]} {[%emt 00:03:48]} Rxd8
{[%clk 01:07:49]} {[%emt 00:00:45]} 33. e4 {[%clk 01:07:52]} {[%emt 00:00:34]}
g6 {[%clk 01:07:28]} {[%emt 00:00:49]} 34. Ra5 {[%clk 01:06:59]} {[%emt
00:01:24]} Rd7 {[%clk 01:07:18]} {[%emt 00:00:40]} 35. Be3 {[%clk 01:07:02]}
{[%emt 00:00:28]} Nb2 {[%clk 01:06:29]} {[%emt 00:01:16]} 36. Rxa7 {[%clk
01:06:53]} {[%emt 00:00:41]} Rxa7 {[%clk 01:06:45]} {[%emt 00:00:14]} 37. Bxa7
{[%clk 01:07:18]} {[%emt 00:00:05]} Nc4 {[%clk 01:06:51]} {[%emt 00:00:24]} 38.
Bc5 {[%clk 01:06:58]} {[%emt 00:00:50]} Kf7 {[%clk 01:06:54]} {[%emt 00:00:27]}
39. a4 {[%clk 01:07:15]} {[%emt 00:00:14]} Ke6 {[%clk 01:04:48]} {[%emt
00:02:35]} 40. Bb4 {[%clk 01:06:31]} {[%emt 00:01:14]} Nb6 {[%clk 01:04:08]}
{[%emt 00:01:09]} 41. a5 {[%clk 01:06:54]} {[%emt 00:00:09]} Na8 {[%clk
01:04:25]} {[%emt 00:00:13]} 42. Kf1 {[%clk 01:07:04]} {[%emt 00:00:20]} Nc7
{[%clk 01:04:26]} {[%emt 00:00:28]} 43. Ke2 {[%clk 01:07:20]} {[%emt 00:00:15]}
Na6 {[%clk 01:04:41]} {[%emt 00:00:15]} 44. Kd3 {[%clk 01:07:41]} {[%emt
00:00:09]} c5 {[%clk 01:04:36]} {[%emt 00:00:35]} 45. Ba3 {[%clk 01:07:51]}
{[%emt 00:00:20]} Kd6 {[%clk 01:04:05]} {[%emt 00:01:00]} 46. Kc4 {[%clk
01:08:06]} {[%emt 00:00:15]} Kc6 {[%clk 01:04:17]} {[%emt 00:00:18]} 47. e5
{[%clk 01:08:28]} {[%emt 00:00:08]} Nc7 {[%clk 01:03:57]} {[%emt 00:00:51]} 48.
Bxc5 {[%clk 01:08:46]} {[%emt 00:00:12]} h6 {[%clk 01:03:36]} {[%emt 00:00:50]}
49. g4 {[%clk 01:07:55]} {[%emt 00:01:21]} h5 {[%clk 01:03:50]} {[%emt
00:00:16]} 50. f4 {[%clk 01:08:00]} {[%emt 00:00:25]} Ne6 {[%clk 01:03:55]}
{[%emt 00:00:25]} 51. Be3 {[%clk 01:08:14]} {[%emt 00:00:16]} Ng7 {[%clk
01:03:45]} {[%emt 00:00:40]} 52. a6 {[%clk 01:08:35]} {[%emt 00:00:10]} Ne6
{[%clk 01:02:50]} {[%emt 00:01:24]} 53. a7 {[%clk 01:08:56]} {[%emt 00:00:09]}
Nc7 {[%clk 01:03:16]} {[%emt 00:00:04]} 54. e6 {[%clk 01:09:07]} {[%emt
00:00:19]} hxg4 {[%clk 01:02:23]} {[%emt 00:01:22]} 55. hxg4 {[%clk 01:09:29]}
{[%emt 00:00:09]} Kb7 {[%clk 01:01:56]} {[%emt 00:00:57]} 56. e7 {[%clk
01:09:44]} {[%emt 00:00:15]} Ka8 {[%clk 01:01:53]} {[%emt 00:00:33]} 57. f5
{[%clk 01:09:59]} {[%emt 00:00:15]} gxf5 {[%clk 01:02:06]} {[%emt 00:00:17]}
58. gxf5 {[%clk 01:10:19]} {[%emt 00:00:10]} Ne8 {[%clk 01:01:58]} {[%emt
00:00:39]} 59. Bd4 {[%clk 01:10:31]} {[%emt 00:00:17]} Nd6+ {[%clk 01:01:58]}
{[%emt 00:00:30]} 60. Kd5 {[%clk 01:10:45]} {[%emt 00:00:17]} Ne8 {[%clk
01:02:04]} {[%emt 00:00:23]} 61. f6 {[%clk 01:09:32]} {[%emt 00:01:44]} Nxf6+
{[%clk 01:02:00]} {[%emt 00:00:34]} 62. Bxf6 {[%clk 01:09:52]} {[%emt
00:00:09]} Kxa7 {[%clk 01:02:23]} {[%emt 00:00:07]} 63. e8=Q {[%clk 01:10:14]}
{[%emt 00:00:08]} Kb7 {[%clk 01:02:23]} {[%emt 00:00:30]} 64. Qc6+ {[%clk
01:10:37]} {[%emt 00:00:07]} Kb8 {[%clk 01:02:42]} {[%emt 00:00:10]} 65. Be5+
{[%clk 01:10:51]} {[%emt 00:00:18]} Ka7 {[%clk 01:03:07]} {[%emt 00:00:05]} 66.
Qb5 {[%clk 01:11:09]} {[%emt 00:00:10]} Ka8 {[%clk 01:03:29]} {[%emt 00:00:09]}
67. Qb8# {[%emt 00:00:05]} 1-0

[Event "DEM U12w 2024"]
[Site "Willingen GER"]
[Date "2024.05.19"]
[Round "2"]
[White "Schille, Marlene"]
[Black "Winkler, Frida"]
[Result "0-1"]
[Termination "normal"]
[Board "19"]
[WhiteElo "1228"]
[BlackElo "1587"]
[WhiteClock "00:11:18"]
[BlackClock "00:27:41"]
[PlyCount "146"]
[WhiteFideId "533000670"]
[BlackFideId "34622322"]
[EventCountry "GER"]
[EventRounds "9"]
[EventType "swiss"]
[EventDate "2024.05.18"]

1. e4 {[%clk 01:30:58]} c5 {[%clk 01:30:54]} {[%emt 00:00:07]} 2. Nf3 {[%clk
01:31:22]} {[%emt 00:00:06]} Nc6 {[%clk 01:31:16]} {[%emt 00:00:08]} 3. Bb5
{[%clk 01:31:43]} {[%emt 00:00:09]} d6 {[%clk 01:31:34]} {[%emt 00:00:11]} 4.
O-O {[%clk 01:32:03]} {[%emt 00:00:11]} g6 {[%clk 01:31:24]} {[%emt 00:00:40]}
5. Re1 {[%clk 01:31:26]} {[%emt 00:01:08]} Bd7 {[%clk 01:27:49]} {[%emt
00:04:04]} 6. c3 {[%clk 01:31:08]} {[%emt 00:00:47]} a6 {[%clk 01:26:50]}
{[%emt 00:01:30]} 7. Bf1 {[%clk 01:30:12]} {[%emt 00:01:26]} Bg7 {[%clk
01:24:31]} {[%emt 00:02:48]} 8. d4 {[%clk 01:29:10]} {[%emt 00:01:32]} cxd4
{[%clk 01:24:49]} {[%emt 00:00:13]} 9. cxd4 {[%clk 01:29:28]} {[%emt 00:00:12]}
Bg4 {[%clk 01:24:40]} {[%emt 00:00:39]} 10. d5 {[%clk 01:25:45]} {[%emt
00:04:13]} Ne5 {[%clk 01:22:59]} {[%emt 00:02:09]} 11. Be2 {[%clk 01:24:34]}
{[%emt 00:01:44]} Nxf3+ {[%clk 01:19:08]} {[%emt 00:04:19]} 12. Bxf3 {[%clk
01:22:39]} {[%emt 00:02:27]} Bxf3 {[%clk 01:18:00]} {[%emt 00:01:37]} 13. Qxf3
{[%clk 01:22:40]} {[%emt 00:00:28]} Nf6 {[%clk 01:16:34]} {[%emt 00:01:55]} 14.
Nc3 {[%clk 01:19:43]} {[%emt 00:03:29]} O-O {[%clk 01:16:08]} {[%emt 00:00:55]}
15. Bf4 {[%clk 01:17:22]} {[%emt 00:02:51]} Nd7 {[%clk 01:12:42]} {[%emt
00:03:56]} 16. Rab1 {[%clk 01:12:07]} {[%emt 00:05:46]} Ne5 {[%clk 01:09:35]}
{[%emt 00:03:36]} 17. Qh3 {[%clk 01:09:14]} {[%emt 00:03:18]} Qb6 {[%clk
01:05:46]} {[%emt 00:04:25]} 18. Bh6 {[%clk 01:00:55]} {[%emt 00:08:49]} Bxh6
{[%clk 01:05:54]} {[%emt 00:00:22]} 19. Qxh6 {[%clk 01:01:12]} {[%emt
00:00:13]} Qxf2+ {[%clk 01:06:09]} {[%emt 00:00:16]} 20. Kh1 {[%clk 00:53:36]}
{[%emt 00:08:05]} f5 {[%clk 01:01:53]} {[%emt 00:04:40]} 21. Qg5 {[%clk
00:50:27]} {[%emt 00:03:45]} Rf7 {[%clk 00:59:23]} {[%emt 00:02:58]} 22. Rf1
{[%clk 00:49:37]} {[%emt 00:01:22]} Qc2 {[%clk 00:58:06]} {[%emt 00:01:44]} 23.
exf5 {[%clk 00:41:19]} {[%emt 00:08:51]} Rxf5 {[%clk 00:56:47]} {[%emt
00:01:49]} 24. Qxe7 {[%clk 00:40:35]} {[%emt 00:01:13]} Rxf1+ {[%clk 00:56:58]}
{[%emt 00:00:20]} 25. Rxf1 {[%clk 00:40:57]} {[%emt 00:00:08]} Qxb2 {[%clk
00:57:03]} {[%emt 00:00:25]} 26. Qe6+ {[%clk 00:41:11]} {[%emt 00:00:16]} Kg7
{[%clk 00:52:47]} {[%emt 00:04:45]} 27. Qe7+ {[%clk 00:37:42]} {[%emt
00:04:00]} Kg8 {[%clk 00:52:53]} {[%emt 00:00:22]} 28. Ne4 {[%clk 00:36:31]}
{[%emt 00:01:42]} Ng4 {[%clk 00:37:04]} {[%emt 00:16:19]} 29. Qf7+ {[%clk
00:33:24]} {[%emt 00:03:37]} Kh8 {[%clk 00:36:41]} {[%emt 00:00:54]} 30. h3
{[%clk 00:27:24]} {[%emt 00:06:30]} Nh6 {[%clk 00:31:38]} {[%emt 00:05:32]} 31.
Qe7 {[%clk 00:24:59]} {[%emt 00:02:56]} Nf5 {[%clk 00:31:24]} {[%emt 00:00:42]}
32. Qf7 {[%clk 00:17:11]} {[%emt 00:08:20]} Qe5 {[%clk 00:30:27]} {[%emt
00:01:26]} 33. Nf6 {[%clk 00:11:29]} {[%emt 00:06:13]} Qe7 {[%clk 00:22:24]}
{[%emt 00:08:31]} 34. Qe6 {[%clk 00:03:02]} {[%emt 00:08:59]} Qxe6 {[%clk
00:21:05]} {[%emt 00:01:49]} 35. dxe6 {[%clk 00:03:25]} {[%emt 00:00:07]} Kg7
{[%clk 00:21:22]} {[%emt 00:00:12]} 36. Nd5 {[%clk 00:03:23]} {[%emt 00:00:32]}
Ng3+ {[%clk 00:21:45]} {[%emt 00:00:08]} 37. Kg1 {[%clk 00:03:42]} {[%emt
00:00:11]} Nxf1 {[%clk 00:22:03]} {[%emt 00:00:11]} 38. Kxf1 {[%clk 00:03:26]}
{[%emt 00:00:46]} Rf8+ {[%clk 00:21:52]} {[%emt 00:00:41]} 39. Ke2 {[%clk
00:03:51]} {[%emt 00:00:07]} Rf5 {[%clk 00:22:00]} {[%emt 00:00:17]} 40. Nc7
{[%clk 00:02:34]} {[%emt 00:01:51]} Re5+ {[%clk 00:21:47]} {[%emt 00:00:43]}
41. Kd3 {[%clk 00:03:00]} {[%emt 00:00:04]} Kf8 {[%clk 00:21:49]} {[%emt
00:00:27]} 42. Kd4 {[%clk 00:03:08]} {[%emt 00:00:24]} Ke7 {[%clk 00:21:39]}
{[%emt 00:00:38]} 43. g4 {[%clk 00:03:23]} {[%emt 00:00:16]} Kd8 {[%clk
00:21:57]} {[%emt 00:00:10]} 44. Nd5 {[%clk 00:03:18]} {[%emt 00:00:37]} Rxe6
{[%clk 00:22:05]} {[%emt 00:00:22]} 45. Nf4 {[%clk 00:03:34]} {[%emt 00:00:14]}
Re5 {[%clk 00:21:21]} {[%emt 00:01:12]} 46. h4 {[%clk 00:03:47]} {[%emt
00:00:19]} Ra5 {[%clk 00:21:17]} {[%emt 00:00:33]} 47. Ne6+ {[%clk 00:03:58]}
{[%emt 00:00:20]} Ke7 {[%clk 00:21:31]} {[%emt 00:00:15]} 48. Nc7 {[%clk
00:04:15]} {[%emt 00:00:14]} Ra4+ {[%clk 00:21:23]} {[%emt 00:00:36]} 49. Ke3
{[%clk 00:03:37]} {[%emt 00:01:10]} Rxg4 {[%clk 00:21:01]} {[%emt 00:00:51]}
50. Nd5+ {[%clk 00:03:59]} {[%emt 00:00:08]} Ke6 {[%clk 00:21:22]} {[%emt
00:00:09]} 51. Nf4+ {[%clk 00:04:17]} {[%emt 00:00:14]} Kf5 {[%clk 00:21:37]}
{[%emt 00:00:12]} 52. Nd5 {[%clk 00:04:26]} {[%emt 00:00:23]} Rxh4 {[%clk
00:21:33]} {[%emt 00:00:33]} 53. Kf3 {[%clk 00:04:46]} {[%emt 00:00:10]} Rh3+
{[%clk 00:21:38]} {[%emt 00:00:24]} 54. Ke2 {[%clk 00:05:00]} {[%emt 00:00:18]}
g5 {[%clk 00:21:36]} {[%emt 00:00:30]} 55. Ne3+ {[%clk 00:05:22]} {[%emt
00:00:10]} Ke4 {[%clk 00:21:09]} {[%emt 00:00:54]} 56. Nf1 {[%clk 00:05:31]}
{[%emt 00:00:24]} Ra3 {[%clk 00:21:15]} {[%emt 00:00:22]} 57. Nd2+ {[%clk
00:05:58]} {[%emt 00:00:05]} Kf4 {[%clk 00:21:22]} {[%emt 00:00:21]} 58. Nc4
{[%clk 00:05:55]} {[%emt 00:00:35]} Rxa2+ {[%clk 00:21:40]} {[%emt 00:00:11]}
59. Nd2 {[%clk 00:06:23]} {[%emt 00:00:02]} h5 {[%clk 00:21:56]} {[%emt
00:00:14]} 60. Ke1 {[%clk 00:05:50]} {[%emt 00:01:04]} Rxd2 {[%clk 00:22:11]}
{[%emt 00:00:15]} 61. Kxd2 {[%clk 00:06:15]} {[%emt 00:00:05]} Kf3 {[%clk
00:21:45]} {[%emt 00:01:39]} 62. Kd3 {[%clk 00:06:29]} {[%emt 00:00:17]} h4
{[%clk 00:22:05]} {[%emt 00:00:10]} 63. Kd2 {[%clk 00:06:56]} {[%emt 00:00:03]}
h3 {[%clk 00:22:25]} {[%emt 00:00:10]} 64. Kd3 {[%clk 00:07:24]} {[%emt
00:00:02]} h2 {[%clk 00:22:46]} {[%emt 00:00:09]} 65. Kd4 {[%clk 00:07:51]}
{[%emt 00:00:03]} h1=Q {[%clk 00:23:07]} {[%emt 00:00:09]} 66. Kd5 {[%clk
00:08:12]} {[%emt 00:00:09]} Qe1 {[%clk 00:23:21]} {[%emt 00:00:16]} 67. Kc4
{[%clk 00:08:30]} {[%emt 00:00:12]} Qd2 {[%clk 00:23:44]} {[%emt 00:00:07]} 68.
Kb3 {[%clk 00:09:17]} {[%emt 00:01:52]} Qc1 {[%clk 00:26:02]} {[%emt 00:00:08]}
69. Kb4 {[%clk 00:09:37]} {[%emt 00:00:12]} Qc2 {[%clk 00:26:25]} {[%emt
00:00:06]} 70. Ka5 {[%clk 00:09:57]} {[%emt 00:00:10]} Qb2 {[%clk 00:26:40]}
{[%emt 00:00:14]} 71. Ka4 {[%clk 00:10:23]} {[%emt 00:00:06]} Ke3 {[%clk
00:27:01]} {[%emt 00:00:08]} 72. Ka5 {[%clk 00:10:49]} {[%emt 00:00:04]} Kd4
{[%clk 00:27:23]} {[%emt 00:00:06]} 73. Ka4 {[%clk 00:11:18]} {[%emt 00:00:03]}
Kc4 {[%clk 00:27:41]} {[%emt 00:00:12]} 0-1

[Event "DEM U12w 2024"]
[Site "Willingen GER"]
[Date "2024.05.19"]
[Round "2"]
[White "Guliyeva, Zahra"]
[Black "Wolf, Helena"]
[Result "0-1"]
[Termination "normal"]
[Board "22"]
[WhiteElo "1093"]
[BlackElo "1498"]
[WhiteClock "01:24:39"]
[BlackClock "01:09:21"]
[PlyCount "44"]
[WhiteFideId "34630198"]
[BlackFideId "34671030"]
[EventCountry "GER"]
[EventRounds "9"]
[EventType "swiss"]
[EventDate "2024.05.18"]

1. c4 {[%clk 01:30:58]} e5 {[%clk 01:30:53]} {[%emt 00:00:08]} 2. g3 {[%clk
01:31:24]} {[%emt 00:00:05]} Nc6 {[%clk 01:29:33]} {[%emt 00:01:50]} 3. Bg2
{[%clk 01:31:49]} {[%emt 00:00:04]} Bc5 {[%clk 01:29:50]} {[%emt 00:00:13]} 4.
e3 {[%clk 01:32:10]} {[%emt 00:00:10]} Nf6 {[%clk 01:29:27]} {[%emt 00:00:53]}
5. Ne2 {[%clk 01:32:01]} {[%emt 00:00:39]} d6 {[%clk 01:28:09]} {[%emt
00:01:47]} 6. Nbc3 {[%clk 01:32:06]} {[%emt 00:00:25]} a6 {[%clk 01:27:10]}
{[%emt 00:01:29]} 7. d3 {[%clk 01:31:49]} {[%emt 00:00:47]} Bg4 {[%clk
01:25:40]} {[%emt 00:01:59]} 8. Bd2 {[%clk 01:31:10]} {[%emt 00:01:10]} Qd7
{[%clk 01:24:06]} {[%emt 00:02:05]} 9. f3 {[%clk 01:30:18]} {[%emt 00:01:22]}
Bh3 {[%clk 01:21:50]} {[%emt 00:02:45]} 10. Rg1 {[%clk 01:29:33]} {[%emt
00:01:15]} Nb4 {[%clk 01:18:52]} {[%emt 00:03:27]} 11. Qb1 {[%clk 01:28:15]}
{[%emt 00:01:49]} d5 {[%clk 01:17:16]} {[%emt 00:02:07]} 12. d4 {[%clk
01:27:40]} {[%emt 00:01:05]} Bf5 {[%clk 01:15:12]} {[%emt 00:02:32]} 13. e4
{[%clk 01:27:18]} {[%emt 00:00:53]} dxe4 {[%clk 01:13:48]} {[%emt 00:01:54]}
14. fxe4 {[%clk 01:26:35]} {[%emt 00:01:14]} Bxd4 {[%clk 01:14:03]} {[%emt
00:00:14]} 15. Nxd4 {[%clk 01:26:47]} {[%emt 00:00:18]} exd4 {[%clk 01:14:27]}
{[%emt 00:00:06]} 16. exf5 {[%clk 01:27:04]} {[%emt 00:00:13]} dxc3 {[%clk
01:14:44]} {[%emt 00:00:13]} 17. Bxc3 {[%clk 01:27:30]} {[%emt 00:00:03]} Qe7+
{[%clk 01:11:03]} {[%emt 00:04:12]} 18. Kd2 {[%clk 01:26:51]} {[%emt 00:01:07]}
O-O-O+ {[%clk 01:11:08]} {[%emt 00:00:27]} 19. Bd5 {[%clk 01:24:28]} {[%emt
00:02:53]} Nfxd5 {[%clk 01:08:49]} {[%emt 00:02:49]} 20. cxd5 {[%clk 01:24:51]}
{[%emt 00:00:07]} Rxd5+ {[%clk 01:09:11]} {[%emt 00:00:08]} 21. Kc1 {[%clk
01:24:49]} {[%emt 00:00:33]} Qe3+ {[%clk 01:09:29]} {[%emt 00:00:11]} 22. Bd2
{[%clk 01:24:39]} {[%emt 00:00:41]} Qxd2# {[%clk 01:09:21]} {[%emt 00:00:07]}
0-1